| 000 -ლიდერი |
| ფიქსირებული სიგრძის საკონტროლო ველი |
01783nam a2200253Ia 4500 |
| 001 - საკონტროლო ნომერი |
| საკონტროლო ველი |
13101 |
| 003 - საკონტროლო ნომრის იდენტიფიკატორი |
| საკონტროლო ველი |
GE_BSU |
| 005 - ბოლო ოპერაციის თარიღი და დრო |
| საკონტროლო ველი |
20220929170726.0 |
| 008 - ფიქსირებული სიგრძის მონაცემთა ელემენტები - ზოგადი ინფორმაცია |
| ფიქსირებული სიგრძის საკონტროლო ველი |
181216s2014||||ge |||||||||||||| ||geo|| |
| 020 ## - წიგნის საერთაშორისო სტანდარტული ნომერი |
| International Standard Book Number |
9789941067341 |
| 040 ## - კატალოგიზაციის წყარო |
| Transcribing agency |
GE_BSU |
| 041 ## - ენის კოდი |
| Language code of text/sound track or separate title |
geo |
| 080 ## - უნივერსალური ათობითი კლასიფიკაციის ინდექსი |
| Universal Decimal Classification number |
633.2/4:631.5 ს-19 |
| 245 ## - ცნობა სათაურის შესახებ |
| Title |
საკვები კულტურების აგროწესები : |
| Remainder of title |
[სახელმძღვ.] / |
| Statement of responsibility, etc |
მოამზადეს: გ. ცაგურიშვილმა, ქ. ნიაურმა და ნ. ჟვანიამ ; რედ. ელგუჯა შაფაქიძე ; საქ. განათლ. და მეცნ. სამინ., საქ. სოფლის მეურნ. მეცნ. აკად., აჭარის სოფლის მეურნ. სამინისტრო, The European Union, ENPARD, UNDP. |
| 300 ## - ფიზიკური აღწერა |
| Extent |
69 გვ.; |
| Other physical details |
29 სმ. |
| 653 ## - INDEX TERM--UNCONTROLLED |
| Uncontrolled term |
საკვები კულტურების აგროწესები |
| 653 ## - INDEX TERM--UNCONTROLLED |
| Uncontrolled term |
საკვები კულტურების მოვლა და მოყვანა |
| 700 ## - ADDED ENTRY--PERSONAL NAME |
| Personal name |
ცაგურიშვილი, გ. |
| Relator term |
მომზადება |
| 9 (RLIN) |
2502 |
| 700 ## - ADDED ENTRY--PERSONAL NAME |
| Personal name |
ნიაური, ქ. |
| Relator term |
მომზადება |
| 9 (RLIN) |
14899 |
| 700 ## - ADDED ENTRY--PERSONAL NAME |
| Personal name |
ჟვანია, ნ. |
| Relator term |
მომზადება |
| 9 (RLIN) |
14900 |
| 700 ## - ADDED ENTRY--PERSONAL NAME |
| Personal name |
შაფაქიძე, ე. (ელგუჯა) |
| Relator term |
რედაქტორი |
| 9 (RLIN) |
14901 |
| 710 ## - ADDED ENTRY--CORPORATE NAME |
| Corporate name or jurisdiction name as entry element |
საქართველო. განათლ. და მეცნ. სამინ. საქ. სოფლის მეურნ. მეცნ. აკად. აჭარის სოფლის მეურნ. სამინისტრო |
| 9 (RLIN) |
14902 |
| 942 ## - ADDED ENTRY ELEMENTS (KOHA) |
| Koha item type |
წიგნი |
| Source of classification or shelving scheme |
|